<?xml version="1.0" encoding="UTF-8"?>
<record
    xmlns:xsi="http://www.w3.org/2001/XMLSchema-instance"
    xsi:schemaLocation="http://www.loc.gov/MARC21/slim http://www.loc.gov/standards/marcxml/schema/MARC21slim.xsd"
    xmlns="http://www.loc.gov/MARC21/slim">

  <leader>01331    a2200241   4500</leader>
  <controlfield tag="003">CBULib</controlfield>
  <controlfield tag="005">20231115070922.0</controlfield>
  <controlfield tag="008">231016b        |||||||| |||| 00| 0 eng d</controlfield>
  <datafield tag="020" ind1=" " ind2=" ">
    <subfield code="a">9780198719632</subfield>
  </datafield>
  <datafield tag="040" ind1=" " ind2=" ">
    <subfield code="b">English</subfield>
    <subfield code="c">CBULib</subfield>
    <subfield code="e">rda</subfield>
  </datafield>
  <datafield tag="041" ind1=" " ind2=" ">
    <subfield code="a">eng</subfield>
  </datafield>
  <datafield tag="050" ind1=" " ind2=" ">
    <subfield code="a">BD 238.I58 Int</subfield>
  </datafield>
  <datafield tag="100" ind1="1" ind2=" ">
    <subfield code="a">Coppenger, Brett</subfield>
    <subfield code="9">860</subfield>
  </datafield>
  <datafield tag="245" ind1=" " ind2=" ">
    <subfield code="a">Intellectual assurance : essays on traditional epistemic internalism</subfield>
    <subfield code="c">/ Brett Coppenger</subfield>
  </datafield>
  <datafield tag="260" ind1=" " ind2=" ">
    <subfield code="b">Oxford University Press, </subfield>
    <subfield code="c">2016</subfield>
    <subfield code="a">Oxford :</subfield>
  </datafield>
  <datafield tag="300" ind1=" " ind2=" ">
    <subfield code="a">viii, 261 pages</subfield>
  </datafield>
  <datafield tag="336" ind1=" " ind2=" ">
    <subfield code="2">rdacontent</subfield>
    <subfield code="a">Text |</subfield>
    <subfield code="b">txt</subfield>
  </datafield>
  <datafield tag="337" ind1=" " ind2=" ">
    <subfield code="2">rdamedia</subfield>
    <subfield code="a">Unmediated |</subfield>
    <subfield code="b">n</subfield>
  </datafield>
  <datafield tag="338" ind1=" " ind2=" ">
    <subfield code="2">rdacarrier</subfield>
    <subfield code="a">Volume</subfield>
    <subfield code="b">nc</subfield>
  </datafield>
  <datafield tag="500" ind1=" " ind2=" ">
    <subfield code="a">Presents a dozen essays by prominent contemporary epistemologists providing a careful examination and critical evaluation of traditional epistemic internalism. The essays focus on what traditional internalism has to say about the following three topics: the nature of non-inferentially justified belief, the nature of inferentially justified belief, and the best way to respond to skepticism. The end product is a volume containing many probing objections to traditional internalism, pushing its proponents to provide creative new defenses if they want this old-fashioned view to survive in the modern world</subfield>
  </datafield>
  <datafield tag="650" ind1=" " ind2="0">
    <subfield code="9">861</subfield>
    <subfield code="a">INTERNALISM (THEORY OF KNOWLEDGE)</subfield>
  </datafield>
  <datafield tag="942" ind1=" " ind2=" ">
    <subfield code="2">lcc</subfield>
    <subfield code="c">002</subfield>
  </datafield>
  <datafield tag="999" ind1=" " ind2=" ">
    <subfield code="c">82966</subfield>
    <subfield code="d">82966</subfield>
  </datafield>
  <datafield tag="952" ind1=" " ind2=" ">
    <subfield code="0">0</subfield>
    <subfield code="1">0</subfield>
    <subfield code="2">lcc</subfield>
    <subfield code="4">0</subfield>
    <subfield code="7">0</subfield>
    <subfield code="8">MC</subfield>
    <subfield code="a">001</subfield>
    <subfield code="b">001</subfield>
    <subfield code="c">GEN</subfield>
    <subfield code="d">2023-10-12</subfield>
    <subfield code="e">Book Aid International</subfield>
    <subfield code="g">98.00</subfield>
    <subfield code="l">0</subfield>
    <subfield code="o">BD2 38.I58 Int</subfield>
    <subfield code="p">752480</subfield>
    <subfield code="r">2023-10-16</subfield>
    <subfield code="t">1</subfield>
    <subfield code="w">2023-10-16</subfield>
    <subfield code="y">002</subfield>
  </datafield>
</record>
